000
00233nam a2200109Ia 4500
008
230222s9999 xx 000 0 und d
100
_a
Venu T
245
0
_a
Enthukondu (Malayalam)
250
_a
1
260
_b
Iap
_c
1992
942
_c
BK
999
_c
32042
_d
32042